[Event "Amber Blindfold"]
[Site "Monte Carlo MNC"]
[Date "2003.03.27"]
[Round "11"]
[White "Morozevich,A"]
[Black "Almasi,Z"]
[Result "1/2-1/2"]
[WhiteElo "2678"]
[BlackElo "2676"]

1.e4 e5 2.Nf3 Nc6 3.Bb5 Nf6 4.d3 d6 5.c3 g6 6.Nbd2 Bg7 7.Nf1 O-O 8.Bg5 h6
9.Bh4 Bd7 10.Ne3 Qe8 11.a4 Kh7 12.O-O Nh5 13.Re1 a6 14.Bc4 f5 15.exf5 gxf5
16.Nd5 Rc8 17.d4 e4 18.Nd2 Be6 19.f3 Bxd5 20.Bxd5 e3 21.Nf1 f4 22.Qb3 Bf6
23.Qxb7 Bxh4 24.Bxc6 Bf2+ 25.Kh1 Qe7 26.Re2 Rg8 27.Be4+ Kh8 28.Bf5 Rcf8 29.Bg4 Nf6
30.Bh3 Rg5 31.Rc1 Rfg8 32.Rcc2 Rh5 33.Bg4 Qg7 34.Rxf2 exf2 35.Rxf2 Rg5 36.Bh3 a5
37.Re2 Rh5 38.Be6 Re8 39.Qb3 Rg5 40.Qc2 d5 41.Bh3 Qf7 42.b4 Rgg8 43.bxa5 Rxe2
44.Qxe2 Re8 45.Qd2 Nh7 46.g3 fxg3 47.Bg2 gxh2 48.Qxh6 Ra8 49.a6 Qf6 50.Qxh2 Rxa6
51.Qxc7 Rxa4 52.Qc8+ Nf8 53.Qh3+ Kg7 54.Ne3 Ra1+ 55.Kh2 Ng6 56.Qg3 Qh4+ 57.Qxh4 Nxh4
58.Bh1 Rc1 59.Nxd5 Kg6 60.f4 Kf5 61.c4 Kg4 62.Be4 Rxc4 63.Ne3+ Kxf4 64.Nxc4 Kxe4
65.d5 Kxd5  1/2-1/2

[Event "TCh-RUS"]
[Site "Togliatti RUS"]
[Date "2003.05.17"]
[Round "2"]
[White "Morozevich,A"]
[Black "Grischuk,A"]
[Result "1-0"]
[WhiteElo "2678"]
[BlackElo "2701"]

1.c4 e6 2.Nf3 d5 3.d4 c5 4.cxd5 exd5 5.Bg5 Be7 6.Bxe7 Qxe7 7.e3 Nf6 8.Be2 O-O
9.O-O Nc6 10.dxc5 Qxc5 11.Nc3 Rd8 12.Rc1 Qb4 13.Qc2 d4 14.a3 Qe7 15.Nxd4 Nxd4
16.exd4 Rxd4 17.Nb5 Rd8 18.Nxa7 Bf5 19.Qxf5 Qxe2 20.Qb5 Re8 21.Qxb7 Rab8
22.Qc6 Rxb2 23.Nc8 Re6 24.Qc7 h6 25.Nd6 Kh7 26.h3 Rd2 27.Nf5 Rd7 28.Qb8 Qd3
29.Ng3 Qxa3 30.Rc8 g6 31.Kh2 Qd6 32.Qa8 h5 33.Rd1 Qe7 34.Rxd7 Nxd7 35.Rh8+ Kg7
36.Qg8+ Kf6 37.f4 Rb6 38.Qc8 Kg7 39.Nf5+ gxf5 40.Qg8+  1-0

[Event "TCh-RUS"]
[Site "Togliatti RUS"]
[Date "2003.05.20"]
[Round "5"]
[White "Jakovenko,D"]
[Black "Morozevich,A"]
[Result "1/2-1/2"]
[WhiteElo "2562"]
[BlackElo "2678"]

1.e4 e5 2.Nf3 Nc6 3.Bb5 a6 4.Ba4 Nf6 5.O-O Be7 6.Re1 d6 7.c3 Bg4 8.d3 Nd7
9.Be3 O-O 10.h3 Bxf3 11.Qxf3 Bg5 12.Nd2 Bxe3 13.Qxe3 Ne7 14.d4 b5 15.Bb3 c5
16.dxe5 dxe5 17.Bd5 Nxd5 18.exd5 Nb6 19.c4 bxc4 20.Qxe5 Qxd5 21.Qxd5 Nxd5
22.Nxc4 Nb4 23.Re5 Rac8 24.a3 Nd3 25.Rd5 Rcd8 26.Rxd8 Rxd8 27.g3 f6 28.Kf1 Ne5
29.Nxe5 fxe5 30.Rc1 Rd5 31.Ke2 Kf7 32.Ke3 Ke6 33.Rc4 h5 34.h4 Kf5 35.f3 g6
36.Ra4 Rd6 37.g4+ Ke6 38.Ra5 c4 39.Rc5 Rd3+ 40.Ke2 Rb3 41.gxh5  1/2-1/2

[Event "TCh-RUS"]
[Site "Togliatti RUS"]
[Date "2003.05.22"]
[Round "7"]
[White "Morozevich,A"]
[Black "Iskusnyh,S"]
[Result "0-1"]
[WhiteElo "2678"]
[BlackElo "2505"]

1.c4 c5 2.Nf3 g6 3.d4 cxd4 4.Nxd4 Nc6 5.e4 Nf6 6.Nc3 d6 7.Nc2 Bg7 8.Be2 Nd7
9.Bd2 a5 10.O-O O-O 11.Be3 Nc5 12.Nd4 a4 13.Ndb5 Be6 14.Rb1 Qa5 15.Qc1 Rfc8
16.f4 Qd8 17.Qe1 Nb4 18.Qd2 Bd7 19.Rfd1 Bxb5 20.cxb5 Qa5 21.Bxc5 dxc5 22.a3 Rd8
23.Qc1 Rxd1+ 24.Qxd1 Bxc3 25.axb4 Bxb4 26.Qd7 Qb6 27.Bc4 Kf8 28.Rd1 a3 29.bxa3 Bc3
30.e5 Bd4+ 31.Kh1 e6 32.a4 Rxa4 33.Be2 Qa7 34.f5 gxf5 35.b6 Qa8 36.Bh5 Qe8
37.Qxb7 Bxe5 38.g3 Bd4 39.Qc7 Rb4 40.b7 Kg7 41.Kg2 Kh6 42.Bf3 Kg6 43.Kh3 Qf8
44.Qf4 Qh6+ 45.Qxh6+ Kxh6 46.Rd2 Kg5 47.Ra2 Kf6 48.Ra5 Rb2 49.Ra2 Rb1 50.Ra5 h5
51.Bc6 Kg5 52.Bb5 Be5 53.Be8 Rxb7 54.Rxc5 Kf6 55.Rc4 Rb8 56.Bc6 Kg6 57.Ra4 Rb2
58.Be8 Rc2 59.Ra7 Bc7 60.Ra6 Kf6 61.Rc6 Rxc6 62.Bxc6 Kg5 63.Be8 Kg6 64.Kg2 h4
65.Kh3 Bd8 66.Bb5 Bg5 67.Bd3 Kf6 68.g4 f4 69.Kg2 Ke5 70.Kf3 Kd4 71.Bh7 h3
72.Bg8 e5 73.Bh7 Bh4 74.Bf5 f6 75.Bc8 Be1 76.Bb7 Bd2 77.Ke2 Be3 78.Kf1 e4
79.Bc8 f3 80.g5 fxg5 81.Bxh3 Bf4 82.Kf2 Bxh2 83.Bg4 Ke5 84.Bxf3 exf3  0-1

[Event "TCh-RUS"]
[Site "Togliatti RUS"]
[Date "2003.05.24"]
[Round "9"]
[White "Morozevich,A"]
[Black "Svidler,P"]
[Result "1/2-1/2"]
[WhiteElo "2678"]
[BlackElo "2713"]

1.c4 Nf6 2.Nf3 g6 3.Nc3 d5 4.cxd5 Nxd5 5.e4 Nxc3 6.dxc3 Qxd1+ 7.Kxd1 Nd7
8.Bf4 c6 9.Kc2 Bg7 10.Re1 Nc5 11.Nd2  1/2-1/2

[Event "TCh-RUS"]
[Site "Togliatti RUS"]
[Date "2003.05.25"]
[Round "10"]
[White "Dreev,A"]
[Black "Morozevich,A"]
[Result "1/2-1/2"]
[WhiteElo "2695"]
[BlackElo "2678"]

1.d4 g6 2.e4 Bg7 3.c4 d6 4.Nc3 e5 5.Nf3 Nd7 6.Be2 Ngf6 7.O-O O-O 8.Be3 Qe7
9.Qc2 c6 10.d5 Ng4 11.Bg5 f6 12.Bh4 c5 13.Nb5 Rf7 14.Nc7 Rb8 15.Nb5 Ra8 16.Nc7 Rb8
17.Nb5 Ra8  1/2-1/2

[Event "It"]
[Site "Biel SUI"]
[Date "2003.07.22"]
[Round "2"]
[White "Bacrot,E"]
[Black "Morozevich,A"]
[Result "0-1"]
[WhiteElo "2645"]
[BlackElo "2679"]

1.e4 e5 2.Nf3 Nf6 3.d4 exd4 4.e5 Ne4 5.Qxd4 f5 6.Bc4 Bc5 7.Qxc5 Nxc5 8.Bg5 Qxg5
9.Nxg5 Nc6 10.O-O Ne6 11.Nf3 b6 12.Bd5 Bb7 13.c4 O-O-O 14.Nc3 h6 15.Rad1 g5
16.Rfe1 Rhe8 17.Nb5 Kb8 18.b3 Nf4 19.Nc3 a6 20.Nd4 Nxd4 21.Rxd4 c6 22.Bf3 Kc7
23.Kf1 Re6 24.g3 Ng6 25.Bh5 Nxe5 26.f4 gxf4 27.gxf4 c5 28.Rd2 Nf3 29.Bxf3 Bxf3
30.Rxe6 dxe6 31.Rxd8 Kxd8 32.Na4 Kc7 33.Kf2 Bc6 34.Nc3 Kd6 35.Ke3 e5 36.Ne2 Bd7
37.a3 Be6 38.Ng3 a5 39.a4 Bd7 40.Ne2 Bc6 41.Nc3 Ke6 42.Ne2 Be4 43.Nc1 exf4+  0-1

[Event "It"]
[Site "Biel SUI"]
[Date "2003.07.23"]
[Round "3"]
[White "Morozevich,A"]
[Black "Smirin,I"]
[Result "1/2-1/2"]
[WhiteElo "2679"]
[BlackElo "2656"]

1.e4 c5 2.Nf3 Nc6 3.d4 cxd4 4.Nxd4 Nf6 5.Nc3 e5 6.Ndb5 d6 7.Bg5 a6 8.Na3 b5
9.Nd5 Be7 10.Nxe7 Nxe7 11.Qd3 Bb7 12.Bxf6 gxf6 13.O-O-O d5 14.exd5 Qxd5 15.Qxd5 Nxd5
16.c4 Nb4 17.cxb5 axb5 18.Bxb5+ Kf8 19.Rd6 Rg8 20.Bc4 Rc8 21.Rhd1 Rxg2 22.Rb6 Bf3
23.Rxb4 Bxd1 24.Kxd1 Rxf2 25.Rb7 Kg7 26.Bxf7 Rd8+ 27.Ke1 Rxh2 28.Nc4 Kh6
29.a4 Rd4 30.Be6 Re4+ 31.Kd1 Rf4 32.Ne3 Rh1+ 33.Ke2 Rxa4 34.Kf3 Rf4+ 35.Kg2 Rh5
36.Ng4+ Rxg4+ 37.Bxg4 Rg5 38.Kf3 f5 39.Bh3 Rh5 40.Bg2 Rh4 41.Ke3 Rd4 42.Bc6 Rc4
43.Bd5 Rd4 44.Bg8 Kg5 45.Bxh7 Rh4 46.b4 Rh3+ 47.Kd2 e4 48.b5 Rd3+ 49.Kc2 Rd5
50.Bg8 Rc5+ 51.Kb3 f4 52.Kb4 Re5 53.Bc4 f3 54.Rf7 Kg4 55.b6  1/2-1/2

[Event "It"]
[Site "Biel SUI"]
[Date "2003.07.27"]
[Round "6"]
[White "Pelletier,Y"]
[Black "Morozevich,A"]
[Result "0-1"]
[WhiteElo "2602"]
[BlackElo "2679"]

1.d4 g6 2.e4 Bg7 3.Nf3 c5 4.d5 d6 5.Be2 Nf6 6.Nc3 O-O 7.O-O Na6 8.Re1 Nc7
9.Nd2 e6 10.Bf3 Re8 11.a4 exd5 12.exd5 Rxe1+ 13.Qxe1 Bg4 14.Qd1 Bxf3 15.Qxf3 Qe7
16.Nf1 Re8 17.Bf4 b6 18.h3 Nh5 19.Bd2 f5 20.Re1 Be5 21.Nb5 Nxb5 22.axb5 Nf6
23.Bf4 Ne4 24.c3 Qf7 25.Bxe5 Rxe5 26.c4 Nd2 27.Qd1 Rxe1 28.Qxe1 Nxc4 29.b3 Ne5
30.Ne3 Qe7 31.Qa1 Nd3 32.Qd1 Nf4 33.Qd2 Nh5 34.Nc4 Nf6 35.Qd1 Kf8 36.Qd2 Ke8
37.b4 cxb4 38.Qxb4 Nxd5 39.Qd2 Qe6 40.Qd4 Kd7 41.Qg7+ Ne7 42.Qc3 Qd5 43.Qb3 Qc5
44.Qa4 Nc8 45.Ne3 d5 46.Qd1 Kd6 47.Qd3 d4  0-1

[Event "It"]
[Site "Biel SUI"]
[Date "2003.07.28"]
[Round "7"]
[White "Morozevich,A"]
[Black "Bacrot,E"]
[Result "1/2-1/2"]
[WhiteElo "2679"]
[BlackElo "2645"]

1.e4 e5 2.Nf3 Nc6 3.Bb5 a6 4.Ba4 Nf6 5.O-O Be7 6.Re1 b5 7.Bb3 d6 8.a4 b4
9.c3 O-O 10.a5 Rb8 11.Bc4 Be6 12.Bxa6 Ra8 13.Qe2 Qb8 14.d4 bxc3 15.d5 cxb2
16.Bxb2 Nb4 17.dxe6 Nxa6 18.exf7+ Rxf7 19.Ba3 Nh5 20.g3 Nb4 21.Nc3 Nc6 22.a6 Qc8
23.Nd5 Rxa6 24.Rec1 Bd8 25.Kg2 g6 26.Qc4 Kg7 27.Bxd6 Rxa1 28.Qxc6 Rxc1 29.Bxe5+ Kg8
30.Qxc1 Qe6 31.Qc3 Qg4 32.Nd2 c6 33.Qxc6 Qe2 34.Qe8+ Rf8 35.Qe6+ Rf7 36.Qe8+  1/2-1/2

[Event "56th ch-RUS"]
[Site "Krasnoyarsk RUS"]
[Date "2003.09.03"]
[Round "1"]
[White "Iljushin,A"]
[Black "Morozevich,A"]
[Result "1/2-1/2"]
[WhiteElo "2553"]
[BlackElo "2679"]

1.d4 g6 2.c4 Bg7 3.Nc3 c5 4.d5 d6 5.e4 e6 6.Be2 exd5 7.exd5 Ne7 8.Nf3 Bg4
9.O-O O-O 10.Bf4 Nf5 11.h3 Bxf3 12.Bxf3 Nd7 13.Be4 Ne5 14.Bxf5 gxf5 15.b3 a6
16.Rc1 Ng6 17.Bd2 f4 18.Qh5 Re8 19.Rfe1 Qa5 20.Re2 Re5 21.Rxe5 Bxe5 22.Rc2 Qc7
23.Ne4 f6 24.Qf5 Kg7 25.Bc3 Qe7 26.Qe6 Rd8 27.Rd2 b5 28.Bxe5 fxe5 29.g3 Kf8
30.Qf5+ Qf7 31.Qg5 Ne7 32.Rd3 Qf5 33.Qxf5+ Nxf5 34.gxf4 Re8 35.fxe5 Rxe5
36.Ng5 h6 37.Ne6+ Ke7 38.Kf1 bxc4 39.bxc4 Re4 40.Rf3 Nd4 41.Nxd4 Rxd4 42.Re3+ Kd7
43.Rc3 Ke7 44.Kg2 h5 45.Kg3 h4+ 46.Kf3 Kd7 47.Ke3 Ke7 48.Ke2 Ke8 49.Ke1  1/2-1/2

[Event "ECC"]
[Site "Rethymnon GRE"]
[Date "2003.09.29"]
[Round "2"]
[White "Morozevich,A"]
[Black "Berndt,S"]
[Result "1-0"]
[WhiteElo "2679"]
[BlackElo "2462"]

1.e4 c5 2.Ne2 d6 3.g3 Nc6 4.Bg2 g6 5.c3 Bg7 6.d4 cxd4 7.cxd4 Bg4 8.f3 Bd7
9.Nbc3 Nf6 10.Be3 b5 11.Qd2 Rb8 12.b3 a5 13.d5 Nb4 14.O-O O-O 15.Rac1 Ne8
16.Nd4 e5 17.dxe6 fxe6 18.Rfd1 Rf7 19.Kh1 Qe7 20.a3 Na6 21.Nce2 b4 22.Nc6 Bxc6
23.Rxc6 Nc5 24.Bxc5 dxc5 25.a4 Bf8 26.f4 e5 27.f5 gxf5 28.exf5 Rxf5 29.g4 Rf6
30.Qd5+ Kh8 31.Ng3 Rxc6 32.Qxc6 Qc7 33.Qf3 Ng7 34.Bf1 Rd8 35.Bd3 Bd6 36.g5 Rf8
37.Qd5 Qe7 38.Ne4 Ne8 39.Bc4 Bc7 40.Qc6  1-0

[Event "ECC"]
[Site "Rethymnon GRE"]
[Date "2003.09.29"]
[Round "2"]
[White "Morozevich,A"]
[Black "Berndt,S"]
[Result "1-0"]
[WhiteElo "2679"]
[BlackElo "2462"]

1.e4 c5 2.Ne2 d6 3.g3 Nc6 4.Bg2 g6 5.c3 Bg7 6.d4 cxd4 7.cxd4 Bg4 8.f3 Bd7
9.Nbc3 Nf6 10.Be3 b5 11.Qd2 Rc8 12.b3 a5 13.d5 Nb4 14.O-O O-O 15.Rac1 Ne8
16.Nd4 e5 17.dxe6 fxe6 18.Rfd1 Rf7 19.Kh1 Qe7 20.a3 Na6 21.Nce2 b4 22.Nc6 Bxc6
23.Rxc6 Nc5 24.Bxc5 dxc5 25.a4 Bf8 26.f4 e5 27.f5 gxf5 28.exf5 Rxf5 29.g4 Rf6
30.Qd5+ Kh8 31.Ng3 Rfxc6 32.Qxc6 Qc7 33.Qf3 Ng7 34.Bf1 Rd8 35.Bd3 Bd6 36.g5 Rf8
37.Qd5 Qe7 38.Ne4 Ne8 39.Bc4 Bc7 40.Qc6  1-0

[Event "EuTCh"]
[Site "Plovdiv BUL"]
[Date "2003.10.11"]
[Round "1"]
[White "Morozevich,A"]
[Black "Chatalbashev,B"]
[Result "1-0"]
[WhiteElo "2702"]
[BlackElo "2534"]

1.e4 g6 2.d4 Bg7 3.Nc3 d6 4.Be3 a6 5.f4 b5 6.Nf3 Bb7 7.Bd3 Nd7 8.e5 c5 9.Be4 Bxe4
10.Nxe4 Nh6 11.Qe2 cxd4 12.Bxd4 Nf5 13.O-O-O Nxd4 14.Rxd4 O-O 15.Rhd1 Rc8
16.Kb1 Re8 17.e6 fxe6 18.Neg5 Nf8 19.Nxe6 Qd7 20.Nxg7 Kxg7 21.Re4 Rc5 22.Re1 e6
23.Qf2 Rd5 24.Kc1 Qc7 25.Ng5 e5 26.fxe5 dxe5 27.Rf1 Qe7 28.Qf7+ Qxf7 29.Rxf7+ Kg8
30.Ra7 Nd7 31.Rh4 Rf8 32.b3 h5 33.Rxa6 Rf6 34.Rxf6 Nxf6 35.Rb4 Ng4 36.Ne4 Kg7
37.Nc3 Rc5 38.Kd2 Nxh2 39.Rxb5 Nf1+ 40.Kd3 e4+ 41.Kd4 Rc7 42.Rc5 Rd7+ 43.Kxe4 Rd2
44.a4 Rxg2 45.a5 h4 46.a6 Rf2 47.Rc7+ Kh6 48.Rc8 Rf7 49.Nb5 Ng3+ 50.Kd3 Rd7+
51.Ke3 Re7+  1-0

[Event "EuTCh"]
[Site "Plovdiv BUL"]
[Date "2003.10.15"]
[Round "5"]
[White "Avrukh,B"]
[Black "Morozevich,A"]
[Result "1/2-1/2"]
[WhiteElo "2609"]
[BlackElo "2702"]

1.d4 e6 2.c4 c5 3.d5 exd5 4.cxd5 d6 5.Nc3 g6 6.e4 Bg7 7.Nf3 a6 8.h3 Ne7 9.Bd3 O-O
10.O-O h6 11.Re1 Re8 12.a4 Nd7 13.Bf4 Nf8 14.Bh2 g5 15.e5 dxe5 16.Nxe5 Neg6
17.Bxg6 Nxg6 18.Nxg6 fxg6 19.Rxe8+ Qxe8 20.Qd2 Bd7 21.Re1 Qf7 22.Bd6 Re8
23.Rxe8+ Bxe8 24.Bxc5 Qf4 25.Qe1 Bd7 26.Qe7 Qc1+ 27.Kh2 Qf4+ 28.Kg1 Qc1+
29.Kh2 Qf4+ 30.Kg1 Qc1+  1/2-1/2

[Event "EuTCh"]
[Site "Plovdiv BUL"]
[Date "2003.10.18"]
[Round "7"]
[White "Morozevich,A"]
[Black "Krasenkow,M"]
[Result "1-0"]
[WhiteElo "2702"]
[BlackElo "2597"]

1.e4 e5 2.Nf3 Nc6 3.Bb5 Nf6 4.d3 d6 5.c3 Bd7 6.O-O g6 7.Nbd2 Bg7 8.Re1 O-O
9.Nf1 Nh5 10.Ba4 Qe8 11.Bb3 Kh8 12.Ne3 Nf4 13.Nd5 Nxd5 14.exd5 Ne7 15.d4 f6
16.dxe5 fxe5 17.Ng5 h6 18.Ne4 b5 19.Be3 Bf5 20.Ng3 a5 21.a4 Rb8 22.Qd2 Kh7
23.c4 bxc4 24.Bxc4 Rb4 25.b3 Qa8 26.Rac1 Rc8 27.Qd1 c6 28.dxc6 Rxc6 29.Nxf5 gxf5
30.Bd2 Rb8 31.Bb5 Rxc1 32.Bxc1 Rd8 33.Qh5 Rf8 34.Rd1 Rf6 35.g3 Rg6 36.Ba3 Qd8
37.b4 axb4 38.Bxb4 e4 39.Qe2 Qb8 40.a5 f4 41.a6 fxg3 42.hxg3 Nf5 43.Rd5 Nd4
44.Qxe4 Nxb5 45.Qd3 Qa7 46.Qxb5 Rxg3+ 47.Kf1 Rb3 48.Qc4 Rb1+ 49.Kg2 Qa8 50.Qe4+ Kh8
51.Re5 Qxe4+ 52.Rxe4 Be5 53.Ba3 Rb8 54.f4 Bc3 55.Bxd6 Rb2+ 56.Kf3 Ra2 57.Re6 Kg8
58.Bc5 h5 59.a7 Kf7 60.Rc6  1-0

[Event "EuTCh"]
[Site "Plovdiv BUL"]
[Date "2003.10.19"]
[Round "8"]
[White "Morozevich,A"]
[Black "Mchedlishvili,M"]
[Result "1/2-1/2"]
[WhiteElo "2702"]
[BlackElo "2557"]

1.e4 c6 2.d4 d5 3.exd5 cxd5 4.c4 Nf6 5.Nc3 Nc6 6.Bg5 e6 7.cxd5 exd5 8.Bb5 Be7
9.Nge2 O-O 10.O-O Bg4 11.f3 Be6 12.Bxc6 bxc6 13.Na4 h6 14.Bh4 Re8 15.Rc1 Rc8
16.Nc5 Bf5 17.Qd2 Bh7 18.Rfe1 g5 19.Bf2 Nd7 20.b3 Bf8 21.h4 Nxc5 22.dxc5 gxh4
23.Qf4 Qg5 24.Qxh4 Bg7 25.Qxg5 hxg5 26.Nd4 Be5 27.b4 Bd3 28.Rcd1 Bxd4 29.Bxd4 Be2
30.Ra1 Kh7 31.Kf2 Bc4 32.g4 Kg6 33.Kg3 f6 34.a3 a6 35.Rh1 Rh8 36.Rh5 Rxh5
37.gxh5+ Kxh5 38.Re1 f5 39.f4 Rg8 40.Rh1+  1/2-1/2

[Event "EuTCh"]
[Site "Plovdiv BUL"]
[Date "2003.10.20"]
[Round "9"]
[White "Azarov,S"]
[Black "Morozevich,A"]
[Result "1/2-1/2"]
[WhiteElo "2542"]
[BlackElo "2702"]

1.e4 e5 2.Nf3 Nc6 3.Bb5 a6 4.Ba4 Nf6 5.O-O Be7 6.Re1 b5 7.Bb3 d6 8.c3 O-O
9.h3 Na5 10.Bc2 c5 11.d4 Qc7 12.Nbd2 Bd7 13.d5  1/2-1/2

[Event "Amber Rapid"]
[Site "Monte Carlo MNC"]
[Date "2004.03.23"]
[Round "4"]
[White "Kramnik,V"]
[Black "Morozevich,A"]
[Result "1/2-1/2"]
[WhiteElo "2777"]
[BlackElo "2732"]

1.Nf3 Nf6 2.c4 c6 3.d4 d5 4.e3 a6 5.Bd3 Bg4 6.Nbd2 e6 7.O-O Nbd7 8.b3 Be7
9.Bb2 Rc8 10.c5 Bf5 11.Qc2 Bxd3 12.Qxd3 a5 13.a3 b5 14.b4 a4 15.Ne5 O-O 16.f4 Ne8
17.Ndf3 f6 18.Nxd7 Qxd7 19.g4 e5 20.dxe5 Qxg4+ 21.Kh1 fxe5 22.Nxe5 Qf5 23.Qxf5 Rxf5
24.Rg1 Bf6 25.Rae1 Bxe5 26.Bxe5 Nf6 27.Bxf6 Rxf6 28.e4 dxe4 29.Rxe4 Kf7 30.Rd1 Rc7
31.Kg2 Re7 32.Rxe7+ Kxe7 33.Kg3 Ke6 34.Kg4 Rg6+ 35.Kf3 Kf5 36.Re1 Re6 37.Rg1 Rh6
38.Rg5+ Kf6 39.Kg3 Rg6 40.Rxg6+ Kxg6 41.Kg4 Kf6 42.f5 g6 43.fxg6 Kxg6 44.h4 h5+  1/2-1/2

[Event "Amber Blindfold"]
[Site "Monte Carlo MNC"]
[Date "2004.03.23"]
[Round "4"]
[White "Morozevich,A"]
[Black "Kramnik,V"]
[Result "1/2-1/2"]
[WhiteElo "2732"]
[BlackElo "2777"]

1.e4 c5 2.Nf3 d6 3.d4 cxd4 4.Nxd4 Nf6 5.Nc3 a6 6.Be3 Ng4 7.Bg5 h6 8.Bc1 Nf6
9.Bc4 e6 10.Bb3 Nc6 11.Be3 Be7 12.f4 O-O 13.Qf3 e5 14.Nxc6 bxc6 15.fxe5 Ng4
16.e6 Ne5 17.Qh3 Bh4+ 18.g3 Bg5 19.Bxg5 Nf3+ 20.Ke2 Nxg5 21.exf7+ Kh8 22.Qh5 d5
23.h4 Nxf7 24.Raf1 Nd6 25.Rxf8+ Qxf8 26.Rf1 Qe7 27.e5 Bh3 28.Rf4 Re8 29.Kd3 Bf5+
30.Rxf5 Nxf5 31.Qxf5 Rf8 32.Qh5 Qc5 33.Ne2 Qf2 34.Kd2 Rf3 35.Qg4 Qe3+ 36.Ke1 Qf2+
37.Kd1 Qe3 38.Ke1 Qf2+  1/2-1/2

[Event "Amber Rapid"]
[Site "Monte Carlo MNC"]
[Date "2004.03.26"]
[Round "6"]
[White "Van Wely,L"]
[Black "Morozevich,A"]
[Result "1-0"]
[WhiteElo "2617"]
[BlackElo "2732"]

1.d4 d5 2.c4 e5 3.dxe5 d4 4.Nf3 Nc6 5.g3 Nge7 6.Bg2 Ng6 7.Bg5 Qd7 8.e6 fxe6
9.O-O e5 10.Qa4 Bd6 11.Nbd2 h6 12.c5 Bf8 13.Bh4 a5 14.a3 Ra6 15.Rfe1 Qf5
16.Rac1 Be7 17.Bxe7 Nxe7 18.e3 O-O 19.exd4 exd4 20.b4 axb4 21.Qb3+ Kh8 22.axb4 b5
23.cxb6 Rxb6 24.Qa3 Qf7 25.Rc5 Nd5 26.b5 Ncb4 27.Ne4 Bf5 28.Ne5 Qe7 29.f4 Bxe4
30.Rc4 Nxf4 31.Rxe4 d3 32.Ng6+ Nxg6 33.Rxe7 Nxe7 34.Qxb4 Rd6 35.Rxc7 Nf5
36.Rd7 Rff6 37.Rxd6 Rxd6 38.Bf3 d2 39.Bd1 Rd8 40.Qc5 Nd6 41.Qc7  1-0

[Event "Amber Blindfold"]
[Site "Monte Carlo MNC"]
[Date "2004.03.26"]
[Round "6"]
[White "Morozevich,A"]
[Black "Van Wely,L"]
[Result "1/2-1/2"]
[WhiteElo "2732"]
[BlackElo "2617"]

1.e4 c5 2.Nf3 Nc6 3.Bb5 g6 4.O-O Bg7 5.d3 Nf6 6.Nc3 O-O 7.h3 d6 8.Bxc6 bxc6
9.e5 Nd5 10.Re1 h6 11.Ne4 f5 12.Ng3 f4 13.Nf1 g5 14.c4 Nc7 15.Bd2 Bf5 16.Ba5 Qd7
17.d4 cxd4 18.Nxd4 Ne6 19.Bc3 Nxd4 20.Bxd4 Rad8 21.Qf3 d5 22.Rad1 Qe6 23.cxd5 Rxd5
24.Rd2 Rfd8 25.Bc3 Rd3 26.Rxd3 Rxd3 27.Qh5 Bg6 28.Qg4 Bf5 29.Qh5 Bg6 30.Qg4 Bf5
31.Qh5  1/2-1/2

[Event "Amber Blindfold"]
[Site "Monte Carlo MNC"]
[Date "2004.04.01"]
[Round "11"]
[White "Svidler,P"]
[Black "Morozevich,A"]
[Result "1/2-1/2"]
[WhiteElo "2747"]
[BlackElo "2732"]

1.e4 e6 2.d4 d5 3.Nc3 dxe4 4.Nxe4 Nd7 5.g3 Be7 6.Bg2 Ngf6 7.Nxf6+ Bxf6 8.Nf3 O-O
9.O-O Rb8 10.Bf4 b5 11.Ne5 Bb7 12.Bxb7 Rxb7 13.Qf3 Rb6 14.Rad1 Qc8 15.Rd3 Ra6
16.Rb3 c6 17.Rd1 Bxe5 18.dxe5 Nb6 19.a3 Nd5 20.Be3 Ra4 21.Bc5 Rd8 22.Bd6 a6
23.Rbd3 c5 24.Ra1 Qc6 25.c3 f5  1/2-1/2

[Event "It"]
[Site "Biel SUI"]
[Date "2004.07.19"]
[Round "1"]
[White "Morozevich,A"]
[Black "McShane,L"]
[Result "1-0"]
[WhiteElo "2743"]
[BlackElo "2643"]

1.e4 c5 2.Nf3 Nc6 3.Nc3 Nf6 4.h3 d6 5.g3 g6 6.Bg2 Bg7 7.O-O O-O 8.d3 Rb8
9.Be3 b5 10.Qd2 b4 11.Nd1 Ba6 12.Bh6 c4 13.Bxg7 Kxg7 14.dxc4 Bxc4 15.Re1 Qa5
16.Ne3 Be6 17.Ng5 Qe5 18.f4 Qc5 19.Qf2 Rb5 20.Rac1 Bd7 21.Nd1 Rc8 22.Nf3 e5
23.c4 Ra5 24.Qxc5 dxc5 25.fxe5 Nh5 26.Nf2 Nxg3 27.Nd3 Rd8 28.Kf2 Nh5 29.Ke3 Be6
30.Rc2 Rxa2 31.Nxc5 b3 32.Rf2 Nb4 33.Nxe6+ fxe6 34.Nd4 Ra6 35.Rc1 g5 36.Bf1 Nf4
37.c5 Ra4 38.Bb5 Ra5 39.c6 Rxd4 40.Kxd4 Nc2+ 41.Rfxc2 bxc2 42.c7  1-0

[Event "It"]
[Site "Biel SUI"]
[Date "2004.07.21"]
[Round "3"]
[White "Sasikiran,K"]
[Black "Morozevich,A"]
[Result "1/2-1/2"]
[WhiteElo "2666"]
[BlackElo "2743"]

1.d4 d5 2.c4 c6 3.Nf3 Nf6 4.Nc3 dxc4 5.a4 Bf5 6.e3 e6 7.Bxc4 Bb4 8.O-O Nbd7
9.Qe2 Bg4 10.h3 Bxf3 11.Qxf3 O-O 12.Rd1 Rc8 13.e4 e5 14.Be3 Qa5 15.Ne2 Rfe8
16.Ng3 exd4 17.Bxd4 Ne5 18.Bxe5 Rxe5 19.Qb3 Nxe4 20.Nxe4 Rxe4 21.Rd7 Rf8
22.Rxf7 Rxf7 23.Bxf7+ Kh8 24.Qg3 Qd8 25.Qf3 Qe7 26.g3 Re2 27.Rd1 Rxb2 28.Qf5 Qf8
29.Rd4 Be7 30.Rd7 Bf6 31.Bc4 g6 32.Qf4 Rb4 33.Rf7 Qxf7 34.Qb8+ Kg7 35.Bxf7 Kxf7
36.Qxa7 Bd4 37.Qb8 c5 38.Qc7+ Kf6 39.Qxh7 Rxa4 40.Qxb7 Ra2 41.Qc6+ Kg7 42.h4 Rxf2
43.Kh1 Rf6 44.Qe4 Rf2 45.g4 Kf7 46.Qc6 Kg7 47.Qd5 Kf8 48.Qd8+ Kg7 49.Qd5  1/2-1/2

[Event "It"]
[Site "Biel SUI"]
[Date "2004.07.22"]
[Round "4"]
[White "Ponomariov,R"]
[Black "Morozevich,A"]
[Result "1/2-1/2"]
[WhiteElo "2722"]
[BlackElo "2743"]

1.c4 e5 2.Nc3 Bb4 3.Nd5 a5 4.a3 Be7 5.g3 d6 6.Bg2 f5 7.e3 Nf6 8.Ne2 Nxd5
9.cxd5 O-O 10.O-O Nd7 11.d4 Nf6 12.Nc3 Kh8 13.Bd2 Bd7 14.Rc1 Qe8 15.Qb3 b6
16.a4 Rc8 17.Rc2 Qf7 18.Nb5 c5 19.dxe5 dxe5 20.Na7 Rb8 21.Bc3 e4 22.Bxf6 Bxf6
23.Rd1 Rfd8 24.Nb5 Bc6 25.Rcd2 Bxb5 26.Qxb5 Rd6 27.Qe2 Be5 28.b3 h5 29.f3 exf3
30.Qxf3 Rf8 31.Rf2 g6 32.Qe2 Rf6 33.Qc4 Qe7 34.Rdf1 Kg7 35.Rf3 Re8 36.R1f2 Rd6
37.Rd2 Qg5 38.Rd3 Re7 39.Kf1 Qg4 40.Rf2 h4 41.Qxg4 fxg4 42.gxh4 Re8 43.Kg1 Rh8
44.Bf1 Rxh4 45.Rdd2 Rd8 46.Rg2 Rdh8 47.d6 g3 48.d7 gxh2+ 49.Kh1 Rd8 50.Bb5 Rh3
51.Rde2 Kf6 52.Ref2+ Kg7 53.Re2 Bc7 54.Rg4 Rf3 55.Re1 Bg3 56.Bc6 Bxe1 57.Bxf3 Rxd7
58.Kxh2 Bf2 59.Be2 Bxe3 60.Re4 Bg5 61.Kg3 Rd4 62.Kf3 Bh4 63.Bc4 g5 64.Rxd4 cxd4
65.Ke4 Bf2 66.Kf5 Be3 67.Be2 Kf7 68.Bh5+ Ke7 69.Ke5 Kd7 70.Kd5 Bf2 71.Be2 Kc7
72.Bg4 d3 73.Bf5 d2 74.Bg4 Bg3 75.Bd1 Kd7 76.Bg4+ Ke7 77.Bd1 Kf6 78.Bg4 Bf2
79.Ke4 Bc5 80.Kd3 Bb4 81.Ke4 Ke7 82.Kd5 Bc5 83.Ke5 Bg1 84.Kd5 Bh2 85.Bd1 Bc7
86.Bg4 Bb8 87.Bd1  1/2-1/2

[Event "It"]
[Site "Biel SUI"]
[Date "2004.07.25"]
[Round "6"]
[White "McShane,L"]
[Black "Morozevich,A"]
[Result "1/2-1/2"]
[WhiteElo "2643"]
[BlackElo "2743"]

1.e4 e5 2.Nc3 Nf6 3.g3 Bc5 4.Bg2 c6 5.d3 d5 6.Qe2 O-O 7.Nf3 Re8 8.O-O Nbd7
9.h3 h6 10.Nh2 Nf8 11.Ng4 N8h7 12.Nxf6+ Nxf6 13.Kh2 Bd4 14.Nd1 Be6 15.Ne3 b5
16.Bd2 Bb6 17.c3 Qd7 18.Rfd1 Rad8 19.Be1 a5 20.b3 Bxe3 21.exd5 Bxd5 22.Qxe3 Bxg2
23.Kxg2 Nh7 24.a4 bxa4 25.Rxa4 Qd5+ 26.Kh2 Qxb3 27.Rda1 Qc2 28.Rxa5 Rxd3
29.Qb6 Rdd8 30.Qxc6 Qf5 31.h4 Nf6 32.Kg2 Rd3 33.R1a4 Re6 34.Qa8+ Kh7 35.Rd4 Ra6
36.Qxa6 Qf3+ 37.Kg1 exd4 38.cxd4 Ng4 39.Ra1 f5 40.Qd6 Qe2 41.Qf4 Rf3 42.Qd2 Qe4
43.Ra2 Rd3 44.Qc1 f4 45.Rd2 Rb3 46.Qc2 Qxc2 47.Rxc2 Rb1 48.Re2 f3 49.Re4 h5
50.Kf1 Rd1 51.Rf4 Kg6 52.d5 Ne5 53.Re4 Kf6 54.Re3 Kf5 55.d6 g6 56.d7 Rxd7
57.Bc3 Rd1+ 58.Re1 Rxe1+ 59.Kxe1 Ke4 60.Kf1 Nd3 61.Ba5 Kd4 62.Bb6+ Kc3 63.Ba7 Kd2
64.Bb6 Kd1 65.Ba7 Ne5 66.Bc5 Nc4 67.Bd4 Nd2+ 68.Kg1 Ke2 69.Ba7 Ne4 70.Bb6 Ke1
71.Ba5+ Ke2 72.Bb6 g5 73.hxg5 Nxg5 74.Kh2 Kf1 75.g4 hxg4 76.Kg3 Ne4+ 77.Kxg4 Ke2
78.Kf4 Nxf2 79.Ba7 Nd1 80.Bd4 Nc3 81.Ba7 Nb5 82.Bg1 Nc7 83.Ke4  1/2-1/2

[Event "It"]
[Site "Biel SUI"]
[Date "2004.07.25"]
[Round "6"]
[White "McShane,L"]
[Black "Morozevich,A"]
[Result "1/2-1/2"]
[WhiteElo "2643"]
[BlackElo "2743"]

1.e4 e5 2.Nc3 Nf6 3.g3 Bc5 4.Bg2 c6 5.d3 d5 6.Qe2 O-O 7.Nf3 Re8 8.O-O Nbd7
9.h3 h6 10.Nh2 Nf8 11.Ng4 N8h7 12.Nxf6+ Nxf6 13.Kh2 Bd4 14.Nd1 Be6 15.Ne3 b5
16.Bd2 Bb6 17.c3 Qd7 18.Rfd1 Rad8 19.Be1 a5 20.b3 Bxe3 21.exd5 Bxd5 22.Qxe3 Bxg2
23.Kxg2 Nh7 24.a4 bxa4 25.Rxa4 Qd5+ 26.Kh2 Qxb3 27.Rda1 Qc2 28.Rxa5 Rxd3
29.Qb6 Rdd8 30.Qxc6 Qf5 31.h4 Nf6 32.Kg2 Rd3 33.R1a4 Re6 34.Qa8+ Kh7 35.Rd4 Ra6
36.Qxa6 Qf3+ 37.Kg1 exd4 38.cxd4 Ng4 39.Ra1 f5 40.Qd6 Qe2 41.Qf4 Rf3 42.Qd2 Qe4
43.Ra2 Rd3 44.Qc1 f4 45.Rd2 Rb3 46.Qc2 Qxc2 47.Rxc2 Rb1 48.Re2 f3 49.Re4 h5
50.Kf1 Rd1 51.Rf4 Kg6 52.d5 Ne5 53.Re4 Kf6 54.Re3 Kf5 55.d6 g6 56.d7 Rxd7
57.Bc3 Rd1+ 58.Re1 Rxe1+ 59.Kxe1 Nd3+ 60.Kf1 Ke4 61.Ba5 Kd4 62.Bb6+ Kc3 63.Ba7 Kd2
64.Bb6 Kd1 65.Ba7 Ne5 66.Bc5 Nc4 67.Bd4 Nd2+ 68.Kg1 Ke2 69.Ba7 Ne4 70.Bb6 Ke1
71.Ba5+ Ke2 72.Bb6 g5 73.hxg5 Nxg5 74.Kh2 Kf1 75.g4 hxg4 76.Kg3 Ne4+ 77.Kxg4 Ke2
78.Kf4 Nxf2 79.Ba7 Nd1 80.Bd4 Nc3 81.Ba7 Nb5 82.Bg1 Nc7 83.Ke4  1/2-1/2

[Event "It"]
[Site "Biel SUI"]
[Date "2004.07.26"]
[Round "7"]
[White "Bacrot,E"]
[Black "Morozevich,A"]
[Result "0-1"]
[WhiteElo "2712"]
[BlackElo "2743"]

1.e4 e5 2.Nf3 Nc6 3.Bb5 Nd4 4.Nxd4 exd4 5.O-O Bc5 6.d3 c6 7.Ba4 d6 8.Nd2 Ne7
9.c3 Bb6 10.Qh5 dxc3 11.bxc3 O-O 12.d4 Be6 13.Nf3 f6 14.Bb3 Qd7 15.Re1 Rae8
16.Ba3 Ng6 17.Nh4 Nxh4 18.Qxh4 Bxb3 19.axb3 Re6 20.Re3 Rfe8 21.Rae1 d5 22.h3 Bc7
23.Qg4 h5 24.Qf3 dxe4 25.Rxe4 Rxe4 26.Rxe4 Rxe4 27.Qxe4 Kf7 28.Qe2 g6 29.c4 Bb6
30.d5 cxd5 31.cxd5 Qe8 32.Qd1 Qe5 33.d6 Ke8 34.Bb4 a5 35.Ba3 Kd7 36.Qf3 Qa1+
37.Kh2 Qxa3 38.Qxb7+ Ke6 39.Qe7+ Kd5 40.Qb7+ Ke6 41.Qe7+ Kf5 42.g4+ hxg4
43.hxg4+ Kg5 44.f4+ Kxg4 45.Qe6+ Kf3  0-1